Devinez la Capitale Mystère #97 - Statistiques

Statistiques générales
  • Ce quiz a été pris 142 fois
  • Le résultat moyen est 27 sur 33
Statistiques - réponses
Type de Réponse Réponse % Correct
Lettre Trouvée E
98%
Lettre Trouvée I
98%
Lettre de l'Alphabet N
98%
Lettre Trouvée O
98%
Lettre de l'Alphabet R
98%
Lettre de l'Alphabet S
98%
Lettre de l'Alphabet A
97%
Lettre de l'Alphabet L
95%
Lettre de l'Alphabet P
95%
Lettre de l'Alphabet D
93%
Lettre de l'Alphabet T
93%
Lettre de l'Alphabet B
92%
Lettre Trouvée M
92%
Lettre Bien Placée I
91%
Lettre de l'Alphabet U
91%
Lettre de l'Alphabet G
88%
Lettre de l'Alphabet H
85%
Lettre Bien Placée M
85%
Lettre Bien Placée E
84%
Lettre de l'Alphabet K
84%
Lettre Trouvée C
83%
Lettre de l'Alphabet W
80%
Lettre de l'Alphabet V
76%
Lettre de l'Alphabet Y
75%
Lettre de l'Alphabet J
68%
Lettre de l'Alphabet Z
67%
Lettre de l'Alphabet F
61%
Lettre Bien Placée O
61%
Lettre de l'Alphabet Q
60%
Lettre Trouvée X
59%
Lettre Bien Placée C
57%
Capitale Mystère Mexico
55%
Lettre Bien Placée X
55%
Aucun quiz correspondant
Distribution des résultats
% des personnes avec chaque résultat
Percentile par nombre de réponses
Votre historique - résultats
Vous n’avez pas pris ce quiz